[Event "ROM-ch U08"]
[Site "Calimanesti"]
[Date "2015.04.06"]
[Round "9"]
[White "Naum, Radu Andrei"]
[Black "Jilavu, Albert Paul"]
[Result "1/2-1/2"]
[WhiteElo "1103"]
[BlackElo "1001"]
[PlyCount "35"]
[EventDate "2015.03.30"]
[EventType "swiss"]
[EventRounds "9"]
[EventCountry "ROU"]
[SourceTitle "CBM 165 Extra"]
[Source "ChessBase"]
[SourceDate "2015.04.21"]
[SourceVersion "1"]
[SourceVersionDate "2015.04.21"]
[SourceQuality "1"]

1. e4 e5 2. Nf3 Nc6 3. Bc4 Nd4 4. Nxd4 exd4 5. Qh5 g6 6. Qd5 Qe7 7. d3 Nf6 8. Qxd4 Bg7 9. Bg5 0-0 10. Bxf6 Bxf6 11. Qe3 Bxb2 12. Qh6 Re8 13. 0-0 Bxa1 14. Re1 Bd4 15. Nd2 Qf6 16. Rf1 Bc3 17. Nf3 d6 18. h3 1/2-1/2